Statistics for Flags of the Warsaw pact

Click here to take the quiz!

General Stats

  • This quiz has been taken 27 times
  • The average score is 7 of 8

Answer Stats

Answer% Correct
Albania
100%
Bulgaria
96%
Poland
96%
Hungary
92%
Romania
92%
Soviet Union
92%
East Germany
88%
Czechoslovakia
83%

Score Distribution

Percentile by Number Answered

Percent of People with Each Score

Your Score History

You have not taken this quiz